Training directory for SMEs 2009.
| Corporate Author: | |
|---|---|
| Format: | Book |
| Published: |
Kuala Lumpur:
SMIDEC,
2009.
|
| Subjects: |
| LEADER | 00489cam a2200145 7i4500 | ||
|---|---|---|---|
| 001 | 0000023013 | ||
| 005 | 20090624090000.0 | ||
| 090 | 0 | 0 | |a M 607.025 |b SMA |
| 110 | 2 | 0 | |a Small and Medium Industries Development Corporation [SMIDEC] |
| 245 | 2 | 0 | |a Training directory for SMEs 2009. |
| 260 | 0 | 0 | |a Kuala Lumpur: |b SMIDEC, |c 2009. |
| 300 | # | # | |a 289 p. |
| 650 | 0 | 0 | |a Small and medium enterprise -- |x Training of -- |z Malaysia |
| 651 | 0 | 0 | |a Malaysia |
| 999 | |a 0000024435 |b Directories |c Malaysia |e Business Information Centre | ||